New Technologies in the Field of Labour Law and Protection of Employees

Nové technológie významne ovplyvňujú ďalší vývoj pracovného práva. Ich aplikácia v praxi poskytuje nielen pozitívne účinky, ale aj nové sociálne a právne riziká. Ide konkrétne o neoprávnený zásah do práva zamestnancov na súkromie (sledovanie e-mailov a odpočúvanie telefónov). Autorka sa venuje možno...

Descrizione completa

Salvato in:
Dettagli Bibliografici
Autore principale: Barancová, Helena
Natura: Capitolo di libro
Lingua:inglese
Soggetti:
Tags: Aggiungi Tag
Nessun Tag, puoi essere il primo ad aggiungerne!!

MARC

LEADER 00000naa a2200000 4500
001 0272633
005 20210322090513.2
041 0 |a eng 
044 |a SK 
245 1 0 |a New Technologies in the Field of Labour Law and Protection of Employees  |c Helena Barancová 
520 |a Nové technológie významne ovplyvňujú ďalší vývoj pracovného práva. Ich aplikácia v praxi poskytuje nielen pozitívne účinky, ale aj nové sociálne a právne riziká. Ide konkrétne o neoprávnený zásah do práva zamestnancov na súkromie (sledovanie e-mailov a odpočúvanie telefónov). Autorka sa venuje možnostiam zákonne správneho zásahu do práva na súkromný život zamestnanca pri rešpektovaní zásad zákonnosti, legitimity a proporcionality. 
610 2 0 |a práva ľudské 
610 2 0 |a práva pracovníkov 
610 2 0 |a zamestnanci 
610 2 0 |a technológie nové 
100 1 |a Barancová, Helena